000
00496nam a2200181Ia 4500
008
090124s9999 xx 000 0 und d
082
_b
19050
_a
2322
100
_a
दळवी जयवंत
245
_a
संध्याछाया
250
_a
1
260
_c
1974
300
_a
83
600
_a
दळवी जयवंत
630
_a
संध्याछाया
700
_a
दळवी जयवंत
730
_a
संध्याछाया
942
_c
BOOK
999
_c
132991
_d
132991